00954cam a2200289 a 4500008004100000010001600041020001500057020001800072040002800090050002100118092002700139099002600166100002100192245007500213250001100288260005500299300002700354440002900381504006600410650001400476902000600490905001700496905001600513942001200529999001900541952010400560140507s1995 fr b 000 0 fre d a 91212123 a2130625681 a9782130625681 aEG-GiCUCbfrecEG-GiCUC00aP301b.R345 199504a808.061bR292 1995221 a04a808.061 R292 19951 aReboul, Olivier.10aIntroduction a la rhetorique :btheorie et pratique /cOlivier Reboul. a2e ed. aParis :bPresses universitaires de France,cc1995. aviii, 242 p. ;c22 cm. 0aCollection Premier cycle aIncludes bibliographical references (p. [229]-230) and index. 0aRhetoric. a1 aIbrahimeRev aJamaleCat. 2ddccBK c133498d133498 2ddc70aCUCLbcl312d2024-02-11o808.061 R292 1995 Fre.p01000110198024000r2024-07-05 00:00:00yBK